Kitve Mosheh Sharet : (Record no. 31500)

MARC details
000 -LEADER
fixed length control field 00812cam a22002171 4500
001 - CONTROL NUMBER
control field he 66000247
003 - CONTROL NUMBER IDENTIFIER
control field DLC
005 - DATE AND TIME OF LATEST TRANSACTION
control field 20260227111435.0
008 - FIXED-LENGTH DATA ELEMENTS--GENERAL INFORMATION
fixed length control field 850131s1965 is 000 0 heb
010 ## - LIBRARY OF CONGRESS CONTROL NUMBER
LC control number he 66000247
035 ## - SYSTEM CONTROL NUMBER
System control number (OCoLC)19193748
040 ## - CATALOGING SOURCE
Original cataloging agency DLC
Transcribing agency MH
Modifying agency FU
-- DLC
050 00 - LIBRARY OF CONGRESS CALL NUMBER
Classification number Z8813.4
Item number .L3
245 00 - TITLE STATEMENT
Title Kitve Mosheh Sharet :
Remainder of title bibliyografyah 680-725, 1920-1965... /
Statement of responsibility, etc. ʻarukhah bi-yede Shemuʼel Laḥover ; haḳdamah me-et Aba Even.
260 ## - PUBLICATION, DISTRIBUTION, ETC.
Place of publication, distribution, etc. [Jerusalem] :
Name of publisher, distributor, etc. ha-Histadrut ha-Tsiyonit ha-ʻolamit, Maḥleḳet ha-hasbarah,
Date of publication, distribution, etc. 725, 1965.
300 ## - PHYSICAL DESCRIPTION
Extent 59 p. :
Other physical details port. ;
Dimensions 25 cm.
500 ## - GENERAL NOTE
General note Added t.p.: The writings of Moshe Sharett; a bibliography, 1920-1965.
600 10 - SUBJECT ADDED ENTRY--PERSONAL NAME
Personal name Sharett, Moshe,
Dates associated with a name 1894-1965
Form subdivision Bibliography.
700 1# - ADDED ENTRY--PERSONAL NAME
Personal name Lachower, Shmuel,
Relator term ed.
752 ## - ADDED ENTRY--HIERARCHICAL PLACE NAME
Country or larger entity Israel
City Jerusalem

No items available.

Powered by Koha